| 000 | 00412cam a22001577a 4500 | ||
|---|---|---|---|
| 008 | 180718b1993 xxu||||| |||| 00| 0 eng d | ||
| 020 | _a0631188770 | ||
| 082 | _aT25 B941 | ||
| 100 | _aEaston, G. | ||
| 245 |
_aManagers and competition _cBy G.Easton et.al |
||
| 260 |
_aOxford _bBlackwell _c1993 |
||
| 300 | _a350p. | ||
| 650 | _aStrategic planning. | ||
| 650 | _aIndustrial management | ||
| 650 | _aCompetition | ||
| 999 |
_c359916 _d359916 |
||